01410nam a2200313 a 4500001001000000003000500010005001700015008004100032010001100073011001100084040000900095090001000104100004600114245023700160260007000397500006000467502009600527590004100623590004000664590004000704650005900744650005000803856007000853901000700923942001000930942000600940999001900946952013100965000115673CHAP20220329144544.0190620s2018 mx a |sm |||||||spa d a112134 a113106 cCHAP aTesis1 aGarcía Consuegra, Aleyda Paola.913623010aAcción colectiva para la gestión política del desarrollo productivo desde la casa del pueblo, Municipio de Venustiano Carranza, Chiapas México, durante el periodo 1990-2017h[En línea]cpor Aleyda Paola García Consuegra. aSan Cristóbal de las Casas, Chiapas, Méx. :bEl autor,c2018. aPara ver el contenido del material haga clic en la liga aTesis (M.C. en Desarrolllo Rural Regional) -- UACH. Dirección General de Control Regional aBATCH-UPDb05c20190620lUCH01h1527 aE6339RRRb05c20190620lUCH01h1526 aE6339RRRb05c20190620lUCH01h152614aComunidades ruralesxVida social y costumbres.913230214aOrganización de la comunidad rural.9134503 aFinding aiduhttp://10.13.5.2/tesis/sist115673.pdfzTeclea aquí aBK cTESIS n0 c112134d112134 00104054718TESISaBCbBCd2019-06-20fTESISl0oTesisp115682-10r2019-12-31 00:00:00w2019-12-31yTESISzRecien adquirido